Word Ladder: Don't Panic! Quiz Stats

 Plays Quiz Updated Sep 7, 2014

Support Sporcle.
Go Orange.
Score 0/24 Timer 03:00
0 Plays Today
HINT 4-LETTER WORD % Correct
AutumnFALL
97.4%
TrippedFELL
95.3%
SenseFEEL
91.6%
Lucille ____BALL
91.1%
♚ Retain ♚♚ KEEP ♚
91.1%
Landlord's duesRENT
90.6%
Camp shelterTENT
90.5%
Booty ____CALL
90.5%
Smallest pupRUNT
89%
Hull partKEEL
86.2%
InvoiceBILL
85.3%
♚ Serene ♚♚ CALM ♚
84.2%
HINT 4-LETTER WORD % Correct
Robin's homeNEST
83.6%
♚ Tolled the bell ♚♚ RUNG ♚
80.5%
UnguentBALM
78%
ExpansiveVAST
77%
UrnVASE
76.4%
Give power or authorityVEST
74.9%
Pipe gripper (US spelling)VISE
63.3%
♚ Occupy ♚♚ FILL ♚
63.1%
♚ On deck ♚♚ NEXT ♚
58.8%
TomeTEXT
57.9%
NoxiousVILE
57.4%
RaspFILE
54.2%

Today's Daily Dose

You're not logged in!

Compare scores with friends on all Sporcle quizzes.
OR
Log In
Forgot?

From the Vault

16 Country Flag Map

by petenge

Come join the sweet 16 celebration in these countries.
Remove Ads.
Support Sporcle.
Get the best of Sporcle when you Go Orange. This ad-free experience offers more features, more stats, and more fun while also helping to support Sporcle. Thank you for becoming a member.

Show Comments

Extras

Top Quizzes Today


Score Distribution

Your Account Isn't Verified!

In order to create a playlist on Sporcle, you need to verify the email address you used during registration. Go to your Sporcle Settings to finish the process.

Report this User

Report this user for behavior that violates our Community Guidelines.

Details: